[Event "NB I. Maroczy csoport"]
[Site "Kisujszallas"]
[Date "2023.10.08"]
[Round "1.12"]
[White "Szaloki, Arpad"]
[Black "Kiss, Eniko"]
[Result "1-0"]
[WhiteElo "1995"]
[BlackElo "1619"]
[PlyCount "101"]
[EventDate "2023.10.08"]
[EventType "team-tourn"]
[EventRounds "11"]
[EventCountry "HUN"]
[Source "chess.hu"]
[WhiteTeam "Kumania-Kisujszallas"]
[BlackTeam "Pitypalatty Sakk SE"]
[WhiteTeamCountry "HUN"]
[BlackTeamCountry "HUN"]

1. d4 Nf6 2. c4 g6 3. Nc3 d5 4. Nf3 Bg7 5. h4 Bf5 6. h5 Nc6 7. h6 Bf8 8. Bg5
Ne4 9. Bf4 Nxc3 10. bxc3 f6 11. Qb3 Na5 12. Qa4+ c6 13. cxd5 b5 14. Qd1 Qxd5
15. e3 Nc4 16. Bxc4 Qxc4 17. Nd2 Qxc3 18. O-O e5 19. Rc1 Qb2 20. dxe5 g5 21.
Qf3 Qxd2 22. Qxc6+ Kf7 23. Qxf6+ Ke8 24. Qc6+ Kf7 25. Qxa8 gxf4 26. Rfd1 Qb4
27. Qd5+ Be6 28. Qf3 Rg8 29. exf4 Bxh6 30. Rc7+ Kg6 31. Qg3+ Kh5 32. Qh2+ Kg6
33. Rc6 Bxf4 34. Rxe6+ Kf5 35. Qxh7+ Kxe6 36. Qxg8+ Kxe5 37. Qd5+ Kf6 38. Qd4+
Qxd4 39. Rxd4 Be5 40. Rd7 a6 41. Ra7 Bc3 42. Rxa6+ Ke5 43. Kf1 Kf4 44. Ke2 Ke4
45. Rd6 Ke5 46. Rd3 Bd4 47. Rxd4 Kxd4 48. Kd2 Kc4 49. Kc2 Kb4 50. g4 Ka3 51.
Kb1 1-0

[Event "NB I. Maroczy csoport"]
[Site "Debrecen"]
[Date "2023.10.08"]
[Round "1.1"]
[White "Palkovi, Jozsef"]
[Black "Nomin-Erdene, Davaademberel"]
[Result "1/2-1/2"]
[WhiteElo "2383"]
[BlackElo "2364"]
[PlyCount "21"]
[EventDate "2023.10.08"]
[EventType "team-tourn"]
[EventRounds "11"]
[EventCountry "HUN"]
[Source "chess.hu"]
[WhiteTeam "Maroczy SE I."]
[BlackTeam "DEAC-Debr.Sakkiskola"]
[WhiteTeamCountry "HUN"]
[BlackTeamCountry "HUN"]

1. e4 c6 2. d4 d5 3. exd5 cxd5 4. Bd3 Nc6 5. c3 g6 6. Nf3 Bf5 7. Bxf5 gxf5 8.
Bf4 Nf6 9. Ne5 Rg8 10. O-O e6 11. Nd2 1/2-1/2

[Event "NB I. Maroczy csoport"]
[Site "Debrecen"]
[Date "2023.10.08"]
[Round "1.2"]
[White "Varadi, Viktor"]
[Black "Peczely, Sebastian Zsombor"]
[Result "1/2-1/2"]
[WhiteElo "2387"]
[BlackElo "2339"]
[PlyCount "34"]
[EventDate "2023.10.08"]
[EventType "team-tourn"]
[EventRounds "11"]
[EventCountry "HUN"]
[Source "chess.hu"]
[WhiteTeam "DEAC-Debr.Sakkiskola"]
[BlackTeam "Maroczy SE I."]
[WhiteTeamCountry "HUN"]
[BlackTeamCountry "HUN"]

1. e4 e5 2. Nf3 Nc6 3. Bb5 a6 4. Ba4 Nf6 5. O-O b5 6. Bb3 Bc5 7. c3 d6 8. d4
Bb6 9. a4 Bb7 10. Re1 h6 11. h3 O-O 12. Be3 exd4 13. cxd4 Na5 14. d5 c5 15.
dxc6 Bxc6 16. axb5 axb5 17. Nc3 Bxe3 1/2-1/2

[Event "NB I. Maroczy csoport"]
[Site "Debrecen"]
[Date "2023.10.08"]
[Round "1.3"]
[White "Papp, Bence"]
[Black "Mester, Gyula"]
[Result "1-0"]
[WhiteElo "2300"]
[BlackElo "2324"]
[PlyCount "77"]
[EventDate "2023.10.08"]
[EventType "team-tourn"]
[EventRounds "11"]
[EventCountry "HUN"]
[Source "chess.hu"]
[WhiteTeam "Maroczy SE I."]
[BlackTeam "DEAC-Debr.Sakkiskola"]
[WhiteTeamCountry "HUN"]
[BlackTeamCountry "HUN"]

1. d4 Nf6 2. Bf4 c5 3. d5 d6 4. Nc3 h6 5. e4 g5 6. Bd2 Bg7 7. f3 Nbd7 8. Nh3
Ne5 9. Nf2 a6 10. a4 Ng6 11. Bc4 Nd7 12. g3 Nde5 13. Be2 Nd7 14. Be3 Qb6 15.
Qc1 Bd4 16. a5 Qc7 17. Qd2 Bxe3 18. Qxe3 Ndf8 19. Nb1 e6 20. Nd2 Bd7 21. Qc3
O-O-O 22. Nc4 Kb8 23. Nb6 f5 24. exf5 exf5 25. O-O-O Rh7 26. Rhe1 Ne5 27. Nd3
Nfg6 28. Nxe5 Nxe5 29. f4 gxf4 30. gxf4 Ng4 31. Bxg4 fxg4 32. Qf6 h5 33. Re3
Bc8 34. Rde1 c4 35. Re8 Rhd7 36. Nxd7+ Rxd7 37. Qh8 Qxa5 38. Rxc8+ Ka7 39. Qd4+
1-0

[Event "NB I. Maroczy csoport"]
[Site "Debrecen"]
[Date "2023.10.08"]
[Round "1.4"]
[White "Ag, Norbert Dr"]
[Black "Tubak, Daniel"]
[Result "1/2-1/2"]
[WhiteElo "2309"]
[BlackElo "2187"]
[PlyCount "75"]
[EventDate "2023.10.08"]
[EventType "team-tourn"]
[EventRounds "11"]
[EventCountry "HUN"]
[Source "chess.hu"]
[WhiteTeam "DEAC-Debr.Sakkiskola"]
[BlackTeam "Maroczy SE I."]
[WhiteTeamCountry "HUN"]
[BlackTeamCountry "HUN"]

1. c4 Nf6 2. g3 e6 3. Bg2 d5 4. Nf3 Be7 5. O-O O-O 6. b3 b6 7. Bb2 Bb7 8. e3 c5
9. Nc3 dxc4 10. bxc4 Nc6 11. Qe2 Na5 12. d3 Qc8 13. Rab1 Rd8 14. Rfd1 Bc6 15.
Ba1 Nd7 16. Ne1 Bxg2 17. Kxg2 Qb7+ 18. Kg1 Rac8 19. f4 Bf6 20. Qg2 Qxg2+ 21.
Kxg2 Nb8 22. Kf2 Rd7 23. Ke2 Nbc6 24. a3 Rcd8 25. g4 h6 26. Nf3 g6 27. h4 Bg7
28. f5 Ne5 29. Nxe5 Bxe5 30. fxe6 fxe6 31. Ne4 Bxa1 32. Rxa1 Kg7 33. g5 h5 34.
Nf6 Rd6 35. Ne4 R6d7 36. Nf6 Rd6 37. Ne4 R6d7 38. Nf6 1/2-1/2

[Event "NB I. Maroczy csoport"]
[Site "Debrecen"]
[Date "2023.10.08"]
[Round "1.5"]
[White "Nagy, Daniel"]
[Black "Deak, Sandor"]
[Result "1/2-1/2"]
[WhiteElo "2301"]
[BlackElo "2256"]
[PlyCount "76"]
[EventDate "2023.10.08"]
[EventType "team-tourn"]
[EventRounds "11"]
[EventCountry "HUN"]
[Source "chess.hu"]
[WhiteTeam "Maroczy SE I."]
[BlackTeam "DEAC-Debr.Sakkiskola"]
[WhiteTeamCountry "HUN"]
[BlackTeamCountry "HUN"]

1. d4 Nf6 2. c4 e6 3. Nf3 Bb4+ 4. Bd2 Qe7 5. g3 b6 6. Bg2 Bb7 7. O-O Bxd2 8.
Qxd2 O-O 9. Nc3 d6 10. Rfe1 Ne4 11. Qd3 Nxc3 12. Qxc3 Nd7 13. e4 e5 14. Rad1
Rfe8 15. d5 a5 16. b3 Rf8 17. Nh4 g6 18. Qc2 Nc5 19. Rf1 Bc8 20. f4 exf4 21.
Rxf4 Nd7 22. Bh3 Ne5 23. Bxc8 Raxc8 24. Rdf1 Rce8 25. a3 Qd7 26. Nf3 Qe7 27.
Nd4 Qg5 28. Kg2 h5 29. Nf3 Qe7 30. Nd4 Qg5 31. Nf3 Qh6 32. h4 Nxf3 33. R1xf3
Qg7 34. Rf6 Re5 35. R3f4 Rfe8 36. Rxf7 Qxf7 37. Rxf7 Kxf7 38. Kf3 R8e7 1/2-1/2

[Event "NB I. Maroczy csoport"]
[Site "Debrecen"]
[Date "2023.10.08"]
[Round "1.6"]
[White "Laszlo, Janos"]
[Black "Tesik, Csaba"]
[Result "1/2-1/2"]
[WhiteElo "2185"]
[BlackElo "2294"]
[PlyCount "101"]
[EventDate "2023.10.08"]
[EventType "team-tourn"]
[EventRounds "11"]
[EventCountry "HUN"]
[Source "chess.hu"]
[WhiteTeam "DEAC-Debr.Sakkiskola"]
[BlackTeam "Maroczy SE I."]
[WhiteTeamCountry "HUN"]
[BlackTeamCountry "HUN"]

1. Nf3 Nf6 2. c4 c5 3. e3 g6 4. Nc3 Bg7 5. d4 O-O 6. h3 d6 7. Bd3 Nc6 8. O-O e6
9. a3 b6 10. Rb1 cxd4 11. exd4 d5 12. Re1 dxc4 13. Bxc4 Bb7 14. Ba2 Ne7 15. Ne5
Nf5 16. Nxf7 Rxf7 17. Bxe6 Qf8 18. d5 Rd8 19. Bg5 h6 20. Bf4 Kh8 21. Qd3 Rfd7
22. Rbd1 Nxd5 23. Nxd5 Rxd5 24. Bxd5 Rxd5 25. Qc4 Qd8 26. Rxd5 Qxd5 27. Qxd5
Bxd5 28. Re8+ Kh7 29. Rd8 Bc6 30. Rc8 Ne7 31. Rc7 Nd5 32. Rxc6 Nxf4 33. b4 Nd5
34. Rd6 Nc3 35. Rd7 a5 36. Rb7 axb4 37. axb4 b5 38. Kf1 h5 39. Ke1 Kh6 40. Kd2
Ne4+ 41. Ke3 Nd6 42. Rb8 h4 43. f4 Bf6 44. Rb6 Be7 45. Kd4 Nf5+ 46. Ke5 Bxb4
47. Rxb5 Bc3+ 48. Kd5 Bd2 49. Ke5 Bc3+ 50. Kd5 Bd2 51. Ke5 1/2-1/2

[Event "NB I. Maroczy csoport"]
[Site "Debrecen"]
[Date "2023.10.08"]
[Round "1.7"]
[White "Kopasz, Robert"]
[Black "Tran, David"]
[Result "1/2-1/2"]
[WhiteElo "2241"]
[BlackElo "2108"]
[PlyCount "58"]
[EventDate "2023.10.08"]
[EventType "team-tourn"]
[EventRounds "11"]
[EventCountry "HUN"]
[Source "chess.hu"]
[WhiteTeam "Maroczy SE I."]
[BlackTeam "DEAC-Debr.Sakkiskola"]
[WhiteTeamCountry "HUN"]
[BlackTeamCountry "HUN"]

1. e4 e5 2. Nf3 Nc6 3. Bb5 a6 4. Ba4 Nf6 5. O-O Be7 6. Re1 b5 7. Bb3 d6 8. c3
O-O 9. d4 Bg4 10. d5 Nb8 11. a4 Nbd7 12. Bc2 Nc5 13. axb5 axb5 14. Rxa8 Qxa8
15. b4 Ncd7 16. Na3 c6 17. dxc6 Qxc6 18. Qd3 Rb8 19. Bb3 Nf8 20. Bg5 Ne6 21.
Bxf6 Nf4 22. Qe3 Bxf6 23. g3 Ne6 24. Bd5 Qb6 25. Qd3 Nc7 26. Bb3 Ra8 27. Nc2
Be6 28. Bxe6 fxe6 29. Ne3 Ra3 1/2-1/2

[Event "NB I. Maroczy csoport"]
[Site "Debrecen"]
[Date "2023.10.08"]
[Round "1.8"]
[White "Dibusz, Domonkos"]
[Black "Csizmadia, Laszlo"]
[Result "0-1"]
[WhiteElo "2085"]
[BlackElo "2306"]
[PlyCount "82"]
[EventDate "2023.10.08"]
[EventType "team-tourn"]
[EventRounds "11"]
[EventCountry "HUN"]
[Source "chess.hu"]
[WhiteTeam "DEAC-Debr.Sakkiskola"]
[BlackTeam "Maroczy SE I."]
[WhiteTeamCountry "HUN"]
[BlackTeamCountry "HUN"]

1. e4 e6 2. Nf3 d5 3. exd5 exd5 4. d4 Nf6 5. Bd3 Bg4 6. h3 Bh5 7. Bg5 Qe7+ 8.
Qe2 Bxf3 9. gxf3 Qxe2+ 10. Bxe2 Nbd7 11. Nd2 Bd6 12. O-O-O h6 13. Bh4 Nh5 14.
Rhg1 f5 15. Bb5 g5 16. Rde1+ Kd8 17. Bg3 f4 18. Bh2 c6 19. Bd3 Kc7 20. Bg6 Ng7
21. h4 Raf8 22. c3 Rf6 23. Bd3 Ne6 24. Bf5 Ndf8 25. Bxe6 Rxe6 26. Rxe6 Nxe6 27.
Kc2 c5 28. Nb3 b6 29. Re1 Re8 30. Rg1 Re7 31. Kd2 Rg7 32. dxc5 bxc5 33. Rg4 Be5
34. hxg5 hxg5 35. Nc1 Kd6 36. Nd3 Rh7 37. Bg1 a5 38. a4 c4 39. Nc1 Rb7 40. Kc2
d4 41. cxd4 Nxd4+ 0-1

[Event "NB I. Maroczy csoport"]
[Site "Debrecen"]
[Date "2023.10.08"]
[Round "1.9"]
[White "Kocsmar, Akos"]
[Black "Szilagyi, Norbert"]
[Result "0-1"]
[WhiteElo "2071"]
[BlackElo "2114"]
[PlyCount "52"]
[EventDate "2023.10.08"]
[EventType "team-tourn"]
[EventRounds "11"]
[EventCountry "HUN"]
[Source "chess.hu"]
[WhiteTeam "Maroczy SE I."]
[BlackTeam "DEAC-Debr.Sakkiskola"]
[WhiteTeamCountry "HUN"]
[BlackTeamCountry "HUN"]

1. d4 Nf6 2. c4 e6 3. Nf3 c5 4. d5 b5 5. dxe6 fxe6 6. cxb5 d5 7. Bg5 Nbd7 8. e4
Be7 9. exd5 Nxd5 10. Bxe7 Qxe7 11. Nbd2 O-O 12. g3 a6 13. bxa6 Qf6 14. Be2 Ne5
15. O-O Nxf3+ 16. Bxf3 Bxa6 17. Re1 Rad8 18. Qb3 c4 19. Qa3 Nc7 20. Qe3 Rxd2
21. Qxd2 Qxf3 22. Re3 Qc6 23. f3 Nd5 24. Ra3 c3 25. Qd4 Rxf3 26. Rc1 Ne3 0-1

[Event "NB I. Maroczy csoport"]
[Site "Debrecen"]
[Date "2023.10.08"]
[Round "1.10"]
[White "Kiss, Gergely Dr"]
[Black "Kelemen, David"]
[Result "1-0"]
[WhiteElo "2072"]
[BlackElo "2132"]
[PlyCount "145"]
[EventDate "2023.10.08"]
[EventType "team-tourn"]
[EventRounds "11"]
[EventCountry "HUN"]
[Source "chess.hu"]
[WhiteTeam "DEAC-Debr.Sakkiskola"]
[BlackTeam "Maroczy SE I."]
[WhiteTeamCountry "HUN"]
[BlackTeamCountry "HUN"]

1. d4 Nf6 2. c4 g6 3. Nc3 Bg7 4. e4 d6 5. Bg5 O-O 6. Qd2 c5 7. d5 b5 8. f3 bxc4
9. Bxc4 Qb6 10. Rc1 Nbd7 11. a3 Ne5 12. Na4 Qb7 13. Be2 Rb8 14. Rb1 Qb3 15. Nc3
Re8 16. Qd1 Qxd1+ 17. Kxd1 e6 18. Bb5 Rf8 19. h3 exd5 20. Bxf6 Bxf6 21. Nxd5
Bg7 22. Be2 Nc6 23. b4 cxb4 24. axb4 a5 25. b5 a4 26. Bc4 Ne5 27. Ba2 Nd3 28.
Kc2 Nf2 29. Rh2 Be5 30. f4 Bg7 31. Rb4 Re8 32. g4 Rxe4 33. Rxf2 Rxb4 34. Nxb4
Rxb5 35. Nd3 Bb7 36. Re2 Kf8 37. h4 Bd4 38. Re1 Rb6 39. Ne2 Bg7 40. Kd2 Bf3 41.
g5 Be4 42. Rc1 Rb7 43. Rc4 Bxd3 44. Kxd3 a3 45. Ra4 Bb2 46. Nc3 Kg7 47. Ne4 Bc1
48. Nf6 Bb2 49. Nd5 h6 50. Ra6 Bc1 51. Rc6 Rb2 52. Rxc1 Rxa2 53. Rc8 hxg5 54.
hxg5 f6 55. Rc7+ Kf8 56. gxf6 Ra1 57. Ra7 a2 58. Nc3 Rf1 59. Rxa2 Rxf4 60. Nd5
Rf5 61. Kd4 g5 62. Ra8+ Kf7 63. Ra7+ Kg8 64. Ra3 Kf7 65. Re3 g4 66. Re7+ Kf8
67. Re3 Kf7 68. Re4 Rg5 69. Re7+ Kg8 70. Nf4 Rf5 71. Rg7+ Kf8 72. Ne6+ Ke8 73.
Re7# 1-0

[Event "NB I. Maroczy csoport"]
[Site "Debrecen"]
[Date "2023.10.08"]
[Round "1.11"]
[White "Markus, Molli Amina"]
[Black "Donka, Peter"]
[Result "1-0"]
[WhiteElo "1934"]
[BlackElo "1959"]
[PlyCount "59"]
[EventDate "2023.10.08"]
[EventType "team-tourn"]
[EventRounds "11"]
[EventCountry "HUN"]
[Source "chess.hu"]
[WhiteTeam "Maroczy SE I."]
[BlackTeam "DEAC-Debr.Sakkiskola"]
[WhiteTeamCountry "HUN"]
[BlackTeamCountry "HUN"]

1. Nf3 g6 2. g3 Bg7 3. c4 e5 4. Nc3 c5 5. Bg2 Nc6 6. O-O Nge7 7. a3 O-O 8. b4
cxb4 9. axb4 Nxb4 10. Ba3 Nbc6 11. Rb1 f5 12. Nb5 e4 13. Ne1 b6 14. d3 exd3 15.
Nxd3 Rb8 16. Bd6 Ra8 17. Bc7 Qe8 18. Nd6 Ba6 19. Nxe8 Rfxe8 20. Qa4 Bb7 21. c5
Rec8 22. cxb6 axb6 23. Qb3+ Kh8 24. Qxb6 Ba6 25. Bd6 Bd4 26. Qb3 Ra7 27. Bxe7
Nxe7 28. Qb4 Bf6 29. Qb6 Bxd3 30. Qxf6+ 1-0

[Event "NB I. Maroczy csoport"]
[Site "Debrecen"]
[Date "2023.10.08"]
[Round "1.12"]
[White "Nandin-Erdene, Davaademberel"]
[Black "Bernath, Robert"]
[Result "1-0"]
[WhiteElo "1836"]
[BlackElo "1909"]
[PlyCount "93"]
[EventDate "2023.10.08"]
[EventType "team-tourn"]
[EventRounds "11"]
[EventCountry "HUN"]
[Source "chess.hu"]
[WhiteTeam "DEAC-Debr.Sakkiskola"]
[BlackTeam "Maroczy SE I."]
[WhiteTeamCountry "HUN"]
[BlackTeamCountry "HUN"]

1. e4 e5 2. Nf3 Nc6 3. Bc4 Nf6 4. Ng5 d5 5. exd5 b5 6. Bf1 Nxd5 7. Bxb5 Bb7 8.
Qf3 Qd7 9. O-O h6 10. Ne4 O-O-O 11. Nbc3 f5 12. Ng3 Nxc3 13. bxc3 g6 14. d4 Qd6
15. Rb1 Nxd4 16. Bd7+ Kxd7 17. Qxb7 Nc6 18. Qa6 Qe6 19. Rd1+ Bd6 20. Ba3 Rb8
21. Rxb8 Rxb8 22. c4 Nd4 23. c5 Qxa2 24. cxd6 Rb1 25. Rxb1 Qxb1+ 26. Nf1 Qxc2
27. dxc7 Qxc7 28. Qa4+ Ke6 29. Qd1 Qc3 30. Bf8 a5 31. Qd2 a4 32. Qa2+ Qb3 33.
Qxb3+ axb3 34. Ba3 Ne2+ 35. Kh1 Nc3 36. Nd2 Nb5 37. Bb2 Nd4 38. f4 Nc6 39. fxe5
g5 40. Nxb3 Nxe5 41. Nd4+ Kd5 42. Nxf5 h5 43. Bxe5 Kxe5 44. Ng3 h4 45. Ne2 g4
46. Kg1 Ke4 47. Kf2 1-0

[Event "NB I. Maroczy csoport"]
[Site "Budapest"]
[Date "2023.10.08"]
[Round "1.1"]
[White "Groszpeter, Attila"]
[Black "Krizsany, Laszlo"]
[Result "1-0"]
[WhiteElo "2426"]
[BlackElo "2351"]
[PlyCount "73"]
[EventDate "2023.10.08"]
[EventType "team-tourn"]
[EventRounds "11"]
[EventCountry "HUN"]
[Source "chess.hu"]
[WhiteTeam "Neumann J. Egyetem"]
[BlackTeam "Aquarena Kobanya  II"]
[WhiteTeamCountry "HUN"]
[BlackTeamCountry "HUN"]

1. d4 b6 2. e4 Bb7 3. Bd3 e6 4. Qe2 Nf6 5. Nf3 d5 6. e5 Nfd7 7. O-O Be7 8. c4
c6 9. Nc3 h6 10. Bd2 dxc4 11. Bxc4 b5 12. Bd3 Nb6 13. Rfc1 N8d7 14. Qe4 b4 15.
Ne2 Nd5 16. Qg4 g6 17. a3 a5 18. h4 Qb6 19. Nf4 Nxf4 20. Bxf4 c5 21. Be3 Rd8
22. axb4 axb4 23. Be4 h5 24. Qf4 Bxe4 25. Qxe4 O-O 26. b3 Rc8 27. Rc4 Qb8 28.
dxc5 Bxc5 29. Bxc5 Nxc5 30. Qf4 Nd3 31. Qh6 Rfd8 32. Ng5 Nxe5 33. Rxc8 Rxc8 34.
Re1 Rd8 35. Qh7+ Kf8 36. Qh8+ Ke7 37. Qxe5 1-0

[Event "NB I. Maroczy csoport"]
[Site "Budapest"]
[Date "2023.10.08"]
[Round "1.2"]
[White "Horvath, David"]
[Black "Balazs, Gabor"]
[Result "1/2-1/2"]
[WhiteElo "2335"]
[BlackElo "2374"]
[PlyCount "68"]
[EventDate "2023.10.08"]
[EventType "team-tourn"]
[EventRounds "11"]
[EventCountry "HUN"]
[Source "chess.hu"]
[WhiteTeam "Aquarena Kobanya  II"]
[BlackTeam "Neumann J. Egyetem"]
[WhiteTeamCountry "HUN"]
[BlackTeamCountry "HUN"]

1. d4 d5 2. c4 c6 3. Nf3 Nf6 4. Nc3 e6 5. Bg5 Nbd7 6. e3 Qa5 7. Nd2 Bb4 8. Qc2
O-O 9. Be2 c5 10. Nb3 Qc7 11. O-O dxc4 12. Bxc4 cxd4 13. Nb5 Qb6 14. N5xd4 h6
15. Bh4 a5 16. a3 Be7 17. Rac1 Ne5 18. Be2 Bd7 19. Qc7 Qxc7 20. Rxc7 a4 21. Nc5
Bxc5 22. Rxc5 Nd5 23. Rfc1 Nc6 24. Nb5 Na5 25. Nc7 Nb3 26. Nxa8 Nxc1 27. Rxc1
Rxa8 28. Bf3 Bc6 29. Kf1 f6 30. Ke2 e5 31. Bxd5+ Bxd5 32. f3 Rd8 33. Rd1 Bc4+
34. Ke1 Rxd1+ 1/2-1/2

[Event "NB I. Maroczy csoport"]
[Site "Budapest"]
[Date "2023.10.08"]
[Round "1.3"]
[White "Marosi, Levente"]
[Black "Polyik, Peter"]
[Result "1/2-1/2"]
[WhiteElo "2289"]
[BlackElo "2294"]
[PlyCount "38"]
[EventDate "2023.10.08"]
[EventType "team-tourn"]
[EventRounds "11"]
[EventCountry "HUN"]
[Source "chess.hu"]
[WhiteTeam "Neumann J. Egyetem"]
[BlackTeam "Aquarena Kobanya  II"]
[WhiteTeamCountry "HUN"]
[BlackTeamCountry "HUN"]

1. e4 c5 2. Nf3 d6 3. d4 cxd4 4. Nxd4 Nf6 5. Nc3 g6 6. Be3 Bg7 7. f3 O-O 8. Qd2
Nc6 9. Bc4 Nxd4 10. Bxd4 Be6 11. Bxe6 fxe6 12. O-O-O Qa5 13. Kb1 Rac8 14. Nd5
Qxd2 15. Nxf6+ Bxf6 16. Rxd2 Bxd4 17. Rxd4 Rc5 18. Re1 Rfc8 19. c3 e5 1/2-1/2

[Event "NB I. Maroczy csoport"]
[Site "Budapest"]
[Date "2023.10.08"]
[Round "1.4"]
[White "Konnyu, Janos"]
[Black "Soos, Arpad"]
[Result "1/2-1/2"]
[WhiteElo "2334"]
[BlackElo "2337"]
[PlyCount "46"]
[EventDate "2023.10.08"]
[EventType "team-tourn"]
[EventRounds "11"]
[EventCountry "HUN"]
[Source "chess.hu"]
[WhiteTeam "Aquarena Kobanya  II"]
[BlackTeam "Neumann J. Egyetem"]
[WhiteTeamCountry "HUN"]
[BlackTeamCountry "HUN"]

1. Nf3 Nf6 2. g3 g6 3. Bg2 Bg7 4. O-O O-O 5. d4 d6 6. c4 Nbd7 7. Nc3 c5 8. b3
cxd4 9. Nxd4 Nc5 10. Bb2 a6 11. Rc1 Rb8 12. Qd2 Ne6 13. Nc2 Bd7 14. e4 Ng4 15.
f4 b5 16. h3 Nf6 17. cxb5 Bxb5 18. Rfe1 Nh5 19. Qf2 Nc5 20. Nb4 a5 21. Nxb5
axb4 22. Bxg7 Kxg7 23. Bf1 Qb6 1/2-1/2

[Event "NB I. Maroczy csoport"]
[Site "Budapest"]
[Date "2023.10.08"]
[Round "1.5"]
[White "Siklosi, Zoltan"]
[Black "Urhegyi, Marton"]
[Result "1/2-1/2"]
[WhiteElo "2284"]
[BlackElo "2254"]
[PlyCount "130"]
[EventDate "2023.10.08"]
[EventType "team-tourn"]
[EventRounds "11"]
[EventCountry "HUN"]
[Source "chess.hu"]
[WhiteTeam "Neumann J. Egyetem"]
[BlackTeam "Aquarena Kobanya  II"]
[WhiteTeamCountry "HUN"]
[BlackTeamCountry "HUN"]

1. d4 Nf6 2. Nf3 d5 3. e3 c5 4. Be2 Nc6 5. O-O cxd4 6. exd4 g6 7. c3 Bg7 8. Bf4
O-O 9. h3 Be6 10. Nbd2 Na5 11. Bd3 Bf5 12. Qe2 Rc8 13. Ne5 Bxd3 14. Qxd3 Nd7
15. Rfe1 Nxe5 16. Bxe5 Nc4 17. Bxg7 Kxg7 18. Nxc4 Rxc4 19. Re3 e6 20. f4 h5 21.
g3 Qf6 22. Rf1 Rfc8 23. Rff3 b5 24. a3 a5 25. Qe2 b4 26. axb4 axb4 27. Rd3 bxc3
28. bxc3 Rb8 29. Qe5 Rb2 30. Rf2 Rb3 31. Rff3 Ra4 32. g4 hxg4 33. hxg4 Ra2 34.
Rf2 Rb1+ 35. Kg2 Raa1 36. Re3 Rh1 37. Kg3 Rag1+ 38. Rg2 Rf1 39. g5 Qxe5 40.
Rxe5 Kf8 41. Ree2 Rc1 42. Rc2 Rhd1 43. Kh2 Ke7 44. Rgf2 Kd6 45. Rxc1 Rxc1 46.
Rf3 Kc6 47. Rh3 Ra1 48. Rh8 Kd7 49. Rf8 Ke7 50. Rc8 Ra7 51. Kg2 Kd7 52. Rc5 Ra8
53. Kf2 Rh8 54. Kg2 Kd6 55. Kg3 Rd8 56. Kg4 Ra8 57. Kg3 Ra6 58. Kf3 Ra1 59. Kf2
Rc1 60. Ke2 Rc2+ 61. Kf3 Rh2 62. Kg3 Rh8 63. Kg2 Re8 64. Ra5 Rc8 65. Ra7 Rf8
1/2-1/2

[Event "NB I. Maroczy csoport"]
[Site "Budapest"]
[Date "2023.10.08"]
[Round "1.6"]
[White "Halak, Miklos"]
[Black "Marta, Dominik"]
[Result "1-0"]
[WhiteElo "2235"]
[BlackElo "2117"]
[PlyCount "73"]
[EventDate "2023.10.08"]
[EventType "team-tourn"]
[EventRounds "11"]
[EventCountry "HUN"]
[Source "chess.hu"]
[WhiteTeam "Aquarena Kobanya  II"]
[BlackTeam "Neumann J. Egyetem"]
[WhiteTeamCountry "HUN"]
[BlackTeamCountry "HUN"]

1. d4 d5 2. Nf3 Nf6 3. Bf4 e6 4. e3 c5 5. Nbd2 Nc6 6. c3 Bd6 7. Ne5 Bxe5 8.
dxe5 Nd7 9. Qg4 g5 10. Bxg5 Ncxe5 11. Qh4 f6 12. Qh5+ Ng6 13. Bh6 Kf7 14. Nf3
Qb6 15. O-O-O c4 16. e4 dxe4 17. Be3 Qa6 18. Nd2 Nde5 19. Nxe4 Qxa2 20. Nd6+
Ke7 21. Nxc4 b6 22. Nxe5 Nxe5 23. Qh4 Bb7 24. Qb4+ Kf7 25. f4 Rad8 26. Be2 Nc6
27. Qb5 Ne7 28. Qh5+ Kg7 29. Bd4 Qa1+ 30. Kc2 Qa4+ 31. Kb1 Rd5 32. Qg4+ Kf7 33.
Bf3 Nf5 34. Qh5+ Ke7 35. Bxf6+ Kd6 36. Bxh8 Ne3 37. Qe5+ 1-0

[Event "NB I. Maroczy csoport"]
[Site "Budapest"]
[Date "2023.10.08"]
[Round "1.7"]
[White "Varasdy, Imre"]
[Black "Karacsonyi, Kata"]
[Result "0-1"]
[WhiteElo "2237"]
[BlackElo "2092"]
[PlyCount "44"]
[EventDate "2023.10.08"]
[EventType "team-tourn"]
[EventRounds "11"]
[EventCountry "HUN"]
[Source "chess.hu"]
[WhiteTeam "Neumann J. Egyetem"]
[BlackTeam "Aquarena Kobanya  II"]
[WhiteTeamCountry "HUN"]
[BlackTeamCountry "HUN"]

1. d4 Nf6 2. c4 e6 3. Nf3 d5 4. Nc3 dxc4 5. e3 a6 6. a4 b6 7. Bxc4 Bb7 8. O-O
Nbd7 9. Qe2 Bb4 10. Rd1 Qe7 11. Ne5 Nxe5 12. dxe5 Bxc3 13. bxc3 Ne4 14. Qg4 O-O
15. Ba3 c5 16. Rac1 f5 17. exf6 Rxf6 18. f3 Rg6 19. Qf4 Rf8 20. Qe5 Ng5 21. Kf2
Nxf3 22. gxf3 Qh4+ 0-1

[Event "NB I. Maroczy csoport"]
[Site "Budapest"]
[Date "2023.10.08"]
[Round "1.8"]
[White "Dudas, Eszter"]
[Black "Kovacs, Adrian"]
[Result "1/2-1/2"]
[WhiteElo "2120"]
[BlackElo "2214"]
[PlyCount "48"]
[EventDate "2023.10.08"]
[EventType "team-tourn"]
[EventRounds "11"]
[EventCountry "HUN"]
[Source "chess.hu"]
[WhiteTeam "Aquarena Kobanya  II"]
[BlackTeam "Neumann J. Egyetem"]
[WhiteTeamCountry "HUN"]
[BlackTeamCountry "HUN"]

1. e4 c5 2. Nf3 e6 3. d4 cxd4 4. Nxd4 a6 5. c4 Nf6 6. Nc3 d6 7. Be2 Be7 8. O-O
Qc7 9. Be3 Nbd7 10. Rc1 b6 11. f3 Bb7 12. a3 O-O 13. b4 Rac8 14. Qd2 Qb8 15.
Kh1 Bd8 16. Rc2 Bc7 17. Bg1 Rfd8 18. Rb1 Ne5 19. Qc1 Qa8 20. Bf1 Bb8 21. Na4
Ba7 22. Nc3 Ned7 23. Qb2 Qb8 24. Rd1 Qc7 1/2-1/2

[Event "NB I. Maroczy csoport"]
[Site "Budapest"]
[Date "2023.10.08"]
[Round "1.9"]
[White "Lehocz, Jozsef Jr"]
[Black "Szabo, Marton Nandor"]
[Result "1/2-1/2"]
[WhiteElo "2104"]
[BlackElo "1999"]
[PlyCount "50"]
[EventDate "2023.10.08"]
[EventType "team-tourn"]
[EventRounds "11"]
[EventCountry "HUN"]
[Source "chess.hu"]
[WhiteTeam "Neumann J. Egyetem"]
[BlackTeam "Aquarena Kobanya  II"]
[WhiteTeamCountry "HUN"]
[BlackTeamCountry "HUN"]

1. Nf3 Nf6 2. c4 c6 3. g3 g6 4. Bg2 Bg7 5. O-O O-O 6. d4 d5 7. Qb3 a5 8. cxd5
a4 9. Qd1 cxd5 10. Nc3 Ne4 11. Nxe4 dxe4 12. Ne5 Nd7 13. Nxd7 Qxd7 14. Bxe4
Qxd4 15. Qxd4 Bxd4 16. Rd1 Bf6 17. Bh6 Re8 18. Rab1 Be6 19. b3 axb3 20. axb3
Rad8 21. b4 Rxd1+ 22. Rxd1 b5 23. Bc6 Rb8 24. Bxb5 Bc3 25. Bd3 Bxb4 1/2-1/2